| 000 | 00829nam a22002177a 4500 | ||
|---|---|---|---|
| 999 |
_c84 _d84 |
||
| 003 | AR-CdUCM | ||
| 008 | 190221b ||||| |||| 00| 0 spa d | ||
| 040 |
_aMUNICIPALIDAD PROVINCIAL DEL CUSCO _cBIBLIOTECA MUNICIPAL DEL CUSCO |
||
| 082 |
_a869.53 / _bO42 |
||
| 100 |
_aOlavide, Pablo De _9389 |
||
| 245 |
_aObras selectas : _bEstudio preliminar, recopilación y bibliografia por Estuardo Nuñez / |
||
| 260 |
_aLima : _bBanco de Crédito del Perú, _c1987. |
||
| 300 |
_a755 páginas ; _c25 cm. |
||
| 505 | _aContenido: Las novelas morales -- Obra teatral -- Obra poética -- Las obras de reflexión ... | ||
| 650 |
_aNovelas tradicionales _9390 |
||
| 650 |
_aTeatro _9173 |
||
| 650 |
_aPoética _9391 |
||
| 700 |
_aNuñez, Estuardo (estudio preliminar, recopilación y bibliografía) _9392 |
||
| 942 |
_2ddc _cLIBROS |
||
| 945 | _arum | ||